000 00962nam a2200289Ia 4500
001 Para_4102
003 CHAP
008 220125s1928 xx 000 0 und d
010 _a204689
040 _cCHAP
090 _aPA FOLLETO 1553
100 _aHolloway, T. E.
_955973
245 _aThe application of sodium fluosilicate by airplane in an attempt to control the sugar-cane moth borer /
_c by T. E. Holloway, W. E. Haley, and J. W. Ingram
260 _aWashington :
_b Department of Agriculture
300 _a8 p.
440 _aEUA. Dep. of Agr. Circular; 45
_9170658
650 _aDiatraea saccharalis Sodio
_x Toxicidad Control de plagas Aviación en agricultura
_9170659
700 _aHaley, W. E.
_952284
700 _aIngram, J. W.
_958356
901 _aPA FOLLETO 1553
902 _aA
905 _a0000001928 WAS 0000000000 00
910 _a1928
942 _cPARA
942 _cPARA
_d1
999 _c204689
_d204689